[Event "ARG-ch Amateur U2300"]
[Site "Torre Blanca"]
[Date "2016.12.11"]
[Round "7.2"]
[White "Mussanti, Diego"]
[Black "Mazziotti Irigoyen, Gabriel"]
[Result "0-1"]
[WhiteElo "2231"]
[BlackElo "2297"]
[PlyCount "95"]
[EventDate "2016.12.08"]
[EventType "swiss"]
[EventRounds "8"]
[EventCountry "ARG"]
[SourceTitle "EXT 2024"]
[Source "ChessBase"]
[SourceDate "2023.10.10"]
[SourceVersion "1"]
[SourceVersionDate "2023.10.10"]
[SourceQuality "1"]

1. e4 e5 2. Nf3 Nc6 3. d4 exd4 4. Nxd4 Nf6 5. Nc3 Bb4 6. Nxc6 bxc6 7. Bd3 d5 8. exd5 cxd5 9. 0-0 0-0 10. h3 Bd6 11. Nb5 Bc5 12. Bf4 a6 13. Nc3 Bb7 14. Qd2 Nh5 15. Bh2 f5 16. Ne2 f4 17. Nxf4 Qg5 18. Qc3 Nxf4 19. Bxf4 Qxg2+ 20. Kxg2 d4+ 21. Kg3 dxc3 22. bxc3 Rxf4 23. Kxf4 Rf8+ 24. Ke5 Re8+ 25. Kf4 Rf8+ 26. Ke5 Re8+ 27. Kf4 Bd6+ 28. Kg4 h5+ 29. Kxh5 Bf3+ 30. Kh4 Rf8 31. Rae1 g5+ 32. Kxg5 Kg7 33. Rg1 Bf4+ 34. Kh4+ Kf6 35. Rg6+ Kf7 36. Rh6 Bxh6 37. Kg3 Bb7 38. f4 Rg8+ 39. Kh4 Kf6 40. Bc4 Rh8 41. Kg3 Bxf4+ 42. Kxf4 Rh4+ 43. Ke3 Rxc4 44. Kd2 Ra4 45. Ra1 Bd5 46. a3 Rh4 47. Kc1 Rxh3 48. Kb2 0-1

[Event "ARG-chT"]
[Site "Villa Martelli"]
[Date "2014.08.30"]
[Round "1.1"]
[White "Mazziotti Irigoyen, Gabriel"]
[Black "Olmos, Sebastian"]
[Result "1/2-1/2"]
[WhiteElo "2271"]
[BlackElo "1792"]
[PlyCount "80"]
[EventDate "2014.08.30"]
[EventType "team-tourn"]
[EventRounds "9"]
[EventCountry "ARG"]
[SourceTitle "EXT 2015"]
[Source "ChessBase"]
[SourceDate "2014.11.20"]
[SourceVersion "1"]
[SourceVersionDate "2014.11.20"]
[SourceQuality "1"]
[WhiteTeam "Uba"]
[BlackTeam "Mar del Plata"]
[WhiteTeamCountry "ARG"]
[BlackTeamCountry "ARG"]

1. e4 e5 2. Nf3 Nc6 3. d4 exd4 4. Nxd4 Nxd4 5. Qxd4 Qf6 6. Qc4 Qc6 7. Bf4 d6 8. Nc3 Qxc4 9. Bxc4 Be6 10. Bxe6 fxe6 11. Nb5 Kd7 12. c4 a6 13. Nc3 e5 14. Bg3 Re8 15. b4 Ne7 16. b5 a5 17. c5 Ng6 18. 0-0-0 Kc8 19. c6 bxc6 20. bxc6 Ne7 21. Kd2 Nxc6 22. Rb1 Nd4 23. Nb5 Nxb5 24. Rxb5 Kd7 25. Rxa5 Be7 26. a4 Ra8 27. Rxa8 Rxa8 28. Ra1 c5 29. f3 Kc6 30. Kc3 Bd8 31. Kc4 Ba5 32. Ra3 Rb8 33. Rb3 Bb4 34. Be1 Ra8 35. Bxb4 Rxa4 36. Kc3 cxb4+ 37. Rxb4 Ra2 38. Rb2 Rxb2 39. Kxb2 Kc5 40. Kc3 g5 1/2-1/2

[Event "LNA Puma Cup"]
[Site "Argentina"]
[Date "2006.10.21"]
[Round "8"]
[White "Nieva, Jose Luis"]
[Black "Mazziotti Irigoyen, Gabriel"]
[Result "1/2-1/2"]
[WhiteElo "2107"]
[BlackElo "2324"]
[PlyCount "73"]
[EventDate "2006.09.03"]
[EventType "swiss"]
[EventRounds "8"]
[EventCountry "ARG"]
[SourceTitle "EXT 2008"]
[Source "ChessBase"]
[SourceDate "2007.11.25"]
[SourceVersion "1"]
[SourceVersionDate "2007.11.25"]
[SourceQuality "1"]

1. d4 Nf6 2. c4 e6 3. Nf3 Bb4+ 4. Nc3 b6 5. g3 Ba6 6. Qb3 c5 7. Bg2 Nc6 8. dxc5 bxc5 9. a3 Na5 10. Qc2 Bxc3+ 11. Qxc3 Nxc4 12. 0-0 Rc8 13. e4 Nd6 14. Re1 Ndxe4 15. Qc2 Bb7 16. Ne5 d6 17. Qa4+ Kf8 18. Nc4 Bc6 19. Qc2 d5 20. Ne5 Bb5 21. Bf4 g5 22. Bc1 Qc7 23. f4 g4 24. Be3 h5 25. Rac1 Kg7 26. b4 c4 27. Bd4 Nd6 28. Red1 Nf5 29. Bc5 Nd7 30. Rxd5 exd5 31. Qxf5 Nxc5 32. Qg5+ Kf8 33. Qf6 Rg8 34. Qh6+ Rg7 35. Qh8+ Rg8 36. Qh6+ Rg7 37. Qh8+ 1/2-1/2

[Event "Buenos Aires-ch qual"]
[Site "Buenos Aires"]
[Date "2006.03.25"]
[Round "5.6"]
[White "Mazziotti Irigoyen, Gabriel"]
[Black "Rosito, Jorge"]
[Result "1/2-1/2"]
[WhiteElo "2311"]
[BlackElo "2416"]
[PlyCount "84"]
[EventDate "2006.03.21"]
[EventType "swiss"]
[EventRounds "9"]
[EventCountry "ARG"]
[SourceTitle "CBM 111 Extra"]
[Source "ChessBase"]
[SourceDate "2006.05.09"]
[SourceVersion "1"]
[SourceVersionDate "2006.05.09"]
[SourceQuality "1"]

1. e4 c5 2. Nf3 d6 3. d4 Nf6 4. dxc5 Qa5+ 5. Nc3 Nxe4 6. cxd6 Nxc3 7. bxc3 exd6 8. Bd3 Be7 9. 0-0 0-0 10. Rb1 a6 11. Be4 Nc6 12. Re1 Bf6 13. Nd4 Nxd4 14. cxd4 Bg4 15. Qd2 Qxa2 16. Rb3 Qa4 17. Bb2 Rae8 18. f3 Bc8 19. Ra1 Qc4 20. Rb4 Qc7 21. c4 b6 22. Qd3 g6 23. Ba3 a5 24. Rb2 Ba6 25. Bd5 Rc8 26. Kh1 Rfe8 27. Rab1 Bxc4 28. Bxc4 Qxc4 29. Qxc4 Rxc4 30. Rxb6 Bxd4 31. Rxd6 Ra4 32. h3 Rxa3 33. Rxd4 Ra2 34. Rd7 Re5 35. Rbb7 Rf5 36. Ra7 h5 37. Kh2 Rg5 38. h4 Rgxg2+ 39. Kh3 Rh2+ 40. Kg3 Rhg2+ 41. Kh3 Rh2+ 42. Kg3 Rhg2+ 1/2-1/2

[Event "Torre Blanca"]
[Site "Buenos Aires"]
[Date "2006.02.19"]
[Round "2"]
[White "Albarran, Gustavo Eduardo"]
[Black "Mazziotti Irigoyen, Gabriel"]
[Result "1/2-1/2"]
[WhiteElo "2241"]
[BlackElo "2311"]
[PlyCount "30"]
[EventDate "2006.02.18"]
[EventType "tourn"]
[EventRounds "9"]
[EventCountry "ARG"]
[EventCategory "3"]
[SourceTitle "CBM 111 Extra"]
[Source "ChessBase"]
[SourceDate "2006.05.09"]
[SourceVersion "1"]
[SourceVersionDate "2006.05.09"]
[SourceQuality "1"]

1. d4 d5 2. c4 dxc4 3. Nf3 Nf6 4. e3 Bg4 5. Bxc4 e6 6. h3 Bh5 7. Nbd2 Nbd7 8. Be2 c5 9. b3 cxd4 10. Nxd4 Bxe2 11. Qxe2 Bb4 12. 0-0 0-0 13. Bb2 Bxd2 14. Qxd2 Nc5 15. Rfd1 Qb6 1/2-1/2

[Event "Villa Ballester op 56th"]
[Site "Villa Ballester"]
[Date "2006.01.15"]
[Round "9"]
[White "Villanueva, Mario Nicolas"]
[Black "Mazziotti Irigoyen, Gabriel"]
[Result "1/2-1/2"]
[WhiteElo "2168"]
[BlackElo "2311"]
[PlyCount "41"]
[EventDate "2006.01.03"]
[EventType "swiss"]
[EventRounds "9"]
[EventCountry "ARG"]
[SourceTitle "CBM 110 Extra"]
[Source "ChessBase"]
[SourceDate "2006.03.10"]
[SourceVersion "2"]
[SourceVersionDate "2006.03.10"]
[SourceQuality "1"]

1. d4 d5 2. c4 dxc4 3. e3 Nf6 4. Bxc4 a6 5. Nf3 b5 6. Bd3 Bb7 7. 0-0 e6 8. Qe2 c5 9. dxc5 Nc6 10. b4 Nxb4 11. Bxb5+ axb5 12. Qxb5+ Nd7 13. Qxb4 Bxf3 14. gxf3 Qg5+ 15. Kh1 Qf6 16. Nc3 Rb8 17. Qa4 Bxc5 18. Rb1 0-0 19. Qxd7 Qxf3+ 20. Kg1 Qg4+ 21. Kh1 1/2-1/2

[Event "Villa Ballester op 56th"]
[Site "Villa Ballester"]
[Date "2006.01.13"]
[Round "7"]
[White "Fiori, Hector Dionisio"]
[Black "Mazziotti Irigoyen, Gabriel"]
[Result "0-1"]
[WhiteElo "2180"]
[BlackElo "2311"]
[PlyCount "44"]
[EventDate "2006.01.03"]
[EventType "swiss"]
[EventRounds "9"]
[EventCountry "ARG"]
[SourceTitle "CBM 110 Extra"]
[Source "ChessBase"]
[SourceDate "2006.03.10"]
[SourceVersion "2"]
[SourceVersionDate "2006.03.10"]
[SourceQuality "1"]

1. e4 e5 2. Nf3 Nc6 3. Bb5 a6 4. Ba4 Nf6 5. 0-0 Nxe4 6. Re1 Nc5 7. Nxe5 Nxe5 8. Rxe5+ Be7 9. Nc3 0-0 10. d4 Nxa4 11. Nxa4 d5 12. Nc5 b6 13. Nb3 Bd6 14. Rh5 g6 15. Rh6 Re8 16. g3 Bf5 17. g4 Bd7 18. f3 Qe7 19. Bd2 f5 20. Rh3 Qe2 21. Qxe2 Rxe2 22. Kf1 Rae8 0-1

[Event "American Continental 03rd"]
[Site "Buenos Aires"]
[Date "2005.08.10"]
[Round "5"]
[White "Mieles Palau, Daniel Alberto"]
[Black "Mazziotti Irigoyen, Gabriel"]
[Result "1/2-1/2"]
[WhiteElo "2476"]
[BlackElo "2293"]
[PlyCount "133"]
[EventDate "2005.08.06"]
[EventType "swiss"]
[EventRounds "11"]
[EventCountry "ARG"]
[SourceTitle "CBM 109"]
[Source "ChessBase"]
[SourceDate "2005.11.14"]
[SourceVersion "1"]
[SourceVersionDate "2005.11.14"]
[SourceQuality "1"]

1. e4 e5 2. Nf3 Nc6 3. Bc4 Bc5 4. b4 Bxb4 5. c3 Bd6 6. d4 Qe7 7. 0-0 b6 8. Re1 Bb7 9. Nbd2 f6 10. Bd3 Ba3 11. Bxa3 Qxa3 12. Nc4 Qe7 13. a4 Nh6 14. a5 0-0 15. a6 Bc8 16. d5 Nd8 17. d6 cxd6 18. Nxd6 Ne6 19. Bc4 Nf7 20. Nf5 Qc5 21. Qb3 Rb8 22. Bb5 Nc7 23. Bc4 b5 24. Bxf7+ Rxf7 25. Red1 Rb6 26. g4 d5 27. Ne3 Rxa6 28. Rxa6 Bxa6 29. exd5 Ne8 30. d6 Nxd6 31. Qe6 Bc8 32. Qxd6 Qxc3 33. g5 Qc7 34. Qb4 Bb7 35. Nd5 Qc2 36. Rd2 Qc1+ 37. Kg2 Qc6 38. Rd3 Qe6 39. g6 hxg6 40. Ne3 Rd7 41. Rxd7 Qxd7 42. Kg3 Bc8 43. Ng1 f5 44. Kg2 f4 45. Nc2 Bb7+ 46. f3 e4 47. Nd4 exf3+ 48. Ngxf3 g5 49. Kf2 g4 50. Ne5 Qd5 51. Qb3 Qxb3 52. Nxb3 Bd5 53. Na5 b4 54. Ng6 g3+ 55. hxg3 fxg3+ 56. Kxg3 Bf7 57. Ne7+ Kf8 58. Nec6 b3 59. Nxb3 Bxb3 60. Nxa7 Ba4 61. Nc8 Kf7 62. Nd6+ Ke6 63. Ne4 Kf5 64. Nd6+ Ke5 65. Nc4+ Kd4 66. Nd6 Bd7 67. Kf4 1/2-1/2

[Event "Posadas Summer op"]
[Site "Posadas"]
[Date "2005.02.07"]
[Round "5"]
[White "Mazziotti Irigoyen, Gabriel"]
[Black "Tossutti, Juan Carlos"]
[Result "1-0"]
[WhiteElo "2277"]
[BlackElo "2205"]
[PlyCount "61"]
[EventDate "2005.02.04"]
[EventType "swiss"]
[EventRounds "7"]
[EventCountry "ARG"]
[SourceTitle "CBM 104 Extra"]
[Source "ChessBase"]
[SourceDate "2005.03.01"]
[SourceVersion "1"]
[SourceVersionDate "2005.03.01"]
[SourceQuality "1"]

1. e4 c5 2. Nf3 Nc6 3. Bb5 e6 4. 0-0 Nge7 5. Re1 a6 6. Bf1 d5 7. exd5 Nxd5 8. Nc3 Nxc3 9. bxc3 Bd6 10. d4 0-0 11. Bd3 cxd4 12. cxd4 h6 13. c3 Re8 14. Ne5 Nxe5 15. dxe5 Bf8 16. Re3 f5 17. exf6 Qxf6 18. Qh5 Rd8 19. Rf3 g6 20. Qa5 Qxf3 21. gxf3 Rxd3 22. Qa4 b5 23. Qe4 Rd1+ 24. Kg2 Ra7 25. Be3 Rxa1 26. Bxa7 Kf7 27. Qf4+ Ke8 28. Qc7 Bd7 29. Qb8+ Kf7 30. Qd8 Rd1 31. Bd4 1-0

[Event "Villa Ballester LV op"]
[Site "Villa Ballester"]
[Date "2005.01.12"]
[Round "6"]
[White "Mazziotti Irigoyen, Gabriel"]
[Black "Bernal, Gustavo"]
[Result "1-0"]
[WhiteElo "2277"]
[BlackElo "2161"]
[PlyCount "59"]
[EventDate "2005.01.05"]
[EventType "swiss"]
[EventRounds "9"]
[EventCountry "ARG"]
[SourceTitle "CBM 104 Extra"]
[Source "ChessBase"]
[SourceDate "2005.03.01"]
[SourceVersion "1"]
[SourceVersionDate "2005.03.01"]
[SourceQuality "1"]

1. e4 e5 2. Nf3 Nc6 3. d4 exd4 4. Nxd4 g6 5. Be3 Bg7 6. Nxc6 bxc6 7. Bd4 Nf6 8. Nc3 0-0 9. Be2 Re8 10. f3 d5 11. exd5 Nxd5 12. Bxg7 Qh4+ 13. g3 Qh3 14. Nxd5 cxd5 15. Kf2 Kxg7 16. Qd4+ Kg8 17. Bb5 c6 18. Bxc6 Ba6 19. Bxe8 Rxe8 20. Rae1 Rxe1 21. Rxe1 Qxh2+ 22. Ke3 Qxg3 23. Kd2 Bb5 24. Qe5 Qxe5 25. Rxe5 Bc6 26. Re7 a6 27. Rc7 Bb5 28. Rc5 d4 29. b3 h5 30. Rxb5 1-0

[Event "Villa Martelli Pro Am op 11th"]
[Site "Villa Martelli"]
[Date "2004.11.13"]
[Round "8"]
[White "Mazziotti Irigoyen, Gabriel"]
[Black "Montoro, Gustavo Ernesto"]
[Result "0-1"]
[WhiteElo "2261"]
[BlackElo "2030"]
[PlyCount "90"]
[EventDate "2004.11.04"]
[EventType "swiss"]
[EventRounds "9"]
[EventCountry "ARG"]
[SourceTitle "CBM 103 Extra"]
[Source "ChessBase"]
[SourceDate "2005.01.01"]
[SourceVersion "1"]
[SourceVersionDate "2005.01.01"]
[SourceQuality "1"]

1. e4 e6 2. Qe2 c5 3. g3 Nc6 4. c3 g6 5. Bg2 Nge7 6. f4 d5 7. d3 Bg7 8. Nf3 0-0 9. 0-0 b5 10. e5 Rb8 11. Be3 d4 12. cxd4 Nxd4 13. Nxd4 cxd4 14. Bf2 Bb7 15. Nd2 Bxg2 16. Kxg2 h5 17. Nf3 Nf5 18. Qe4 Qd7 19. Nxd4 Nxd4 20. Qxd4 Qxd4 21. Bxd4 Rfd8 22. Bxa7 Ra8 23. Bc5 Rxd3 24. Rf3 Rd5 25. Be3 Bf8 26. Rf2 b4 27. Kf3 Be7 28. Rd2 Rda5 29. b3 Kf8 30. Rc1 Rxa2 31. Rd7 Bd8 32. Rcd1 Ke8 33. Rb7 Rb2 34. Rxb4 Rxh2 35. Rb7 h4 36. gxh4 Rh3+ 37. Ke4 Rxh4 38. Rdd7 Rh7 39. Bc5 f5+ 40. exf6 Rxd7 41. Rxd7 Kxd7 42. Ke5 Bc7+ 43. Ke4 Ke8 44. b4 Kf7 45. Be7 Bd8 0-1

[Event "Buenos Aires Najdorf-A"]
[Site "Buenos Aires"]
[Date "2004.10.07"]
[Round "8"]
[White "Mazziotti Irigoyen, Gabriel"]
[Black "Granara Barreto, Sebastian A"]
[Result "1/2-1/2"]
[WhiteElo "2261"]
[BlackElo "2237"]
[PlyCount "75"]
[EventDate "2004.10.01"]
[EventType "tourn"]
[EventRounds "9"]
[EventCountry "ARG"]
[EventCategory "4"]
[SourceTitle "CBM 102 Extra"]
[Source "ChessBase"]
[SourceDate "2004.11.03"]
[SourceVersion "1"]
[SourceVersionDate "2004.11.03"]
[SourceQuality "1"]

1. e4 c5 2. Nf3 d6 3. d4 cxd4 4. Nxd4 Nf6 5. f3 e5 6. Nb3 Be6 7. c4 Nbd7 8. Be3 Rc8 9. N3d2 Nb6 10. Nc3 Be7 11. Nd5 Nfxd5 12. cxd5 Bd7 13. Bd3 Na4 14. Rb1 Nc5 15. Nc4 b5 16. Na3 Bg5 17. Bxg5 Qxg5 18. Kf2 0-0 19. h4 Qh6 20. g4 Qf4 21. Kg2 h5 22. Bxb5 hxg4 23. Bxd7 Nxd7 24. fxg4 Qxe4+ 25. Qf3 Qxf3+ 26. Kxf3 f5 27. gxf5 Rxf5+ 28. Ke2 Rc5 29. Rbc1 Rf4 30. Rxc5 Nxc5 31. Nb5 Rb4 32. Nxd6 Rxb2+ 33. Kf3 Rd2 34. Nc8 Kf7 35. d6 Nb7 36. Rb1 Nxd6 37. Nxd6+ Rxd6 38. Rb7+ 1/2-1/2

[Event "ARG-ch 79th"]
[Site "Buenos Aires"]
[Date "2004.09.27"]
[Round "5"]
[White "Mazziotti Irigoyen, Gabriel"]
[Black "De Dovitiis, Alejo"]
[Result "0-1"]
[WhiteElo "2253"]
[BlackElo "2356"]
[PlyCount "56"]
[EventDate "2004.09.24"]
[EventType "swiss"]
[EventRounds "9"]
[EventCountry "ARG"]
[SourceTitle "CBM 102 Extra"]
[Source "ChessBase"]
[SourceDate "2004.11.03"]
[SourceVersion "1"]
[SourceVersionDate "2004.11.03"]
[SourceQuality "1"]

1. e4 e6 2. Qe2 Nc6 3. c3 e5 4. g3 g6 5. Bg2 Bg7 6. Nh3 h5 7. f4 d6 8. d3 Nh6 9. Ng5 h4 10. gxh4 Bg4 11. Bf3 Bd7 12. h5 exf4 13. Bxf4 f6 14. h4 fxg5 15. hxg5 Nf7 16. hxg6 Nxg5 17. Rxh8+ Bxh8 18. Bh5 Bg7 19. Nd2 Qf6 20. Bg3 0-0-0 21. 0-0-0 Ne6 22. d4 Nexd4 23. Qh2 Qe6 24. cxd4 Qxa2 25. e5 Nxd4 26. Nb1 Bh6+ 27. Bf4 Qc4+ 28. Nc3 Bxf4+ 0-1